| 000 | 01041cam a22001935a 4500 | ||
|---|---|---|---|
| 001 | L154428 | ||
| 008 | 111130e20111126xxk 000 0 eng d | ||
| 035 | _a(Sirsi) u154428 | ||
| 041 | 0 | _aeng | |
| 100 | 1 | _aPilkington, Lisa | |
| 245 | 0 | 0 |
_aFocus _bGlasgow |
| 260 | _c2011 | ||
| 490 |
_aEstates Gazette _v(1147) 26 November 2011, 83-95(12) |
||
| 520 | _aGlasgow has a number of office and retail development and refurbishment schemes in the pipeline. Looks at whether hosting the Commonwealth Games and the Ryder Cup at Gleneagles 30 miles away in 2014 will have any benefit for the Glasgow, particularly its commercial property market. City centre residential compares sales and rents between Glasgow and Edinburgh and key residential development schemes in the city since 2007. Market health check lists office availability, take up and rents, industrial availability, rents and land values and retails rents. | ||
| 590 | _aKA | ||
| 651 | 4 | _aGlasgow | |
| 690 | _aPROPERTY-COMMERCIAL PROPERTY-COMMERCIAL PROPERTY MARKET | ||
| 942 | _n0 | ||
| 999 |
_c83613 _d83613 |
||